¿Legitimación revolucionaria del poder en México? : los presidentes, 1910-1982 /

El autor establece que la forma en que los presidentes mexicanos han intentado legitimar su poder es apelando al cobijo de la revolución mexicana. Para ello, se dedica a analizar la relación entre ideología y poder en cada uno de los períodos presidenciales, desde Francisco I. Madero hasta José Lópe...

Полное описание

Сохранить в:
Библиографические подробности
Главный автор: Suárez Gaona, Enrique (autor)
Формат:
Язык:испанский
Опубликовано: México : Siglo XXI, 1987, c1987
Серии:(Sociología y Política)
Предметы:
Метки: Добавить метку
Нет меток, Требуется 1-ая метка записи!

MARC

LEADER 00000nam^a2200000^a^4500
001 000364163
005 20250521000000.0
009 20260310115608.926
020 |a 968-23-1423-2 
037 |a Acervo Xavier Clavigero 
041 |a ESP 
082 |a 320. 97206  |b SUA 
100 |a Suárez Gaona, Enrique  |e (autor) 
240 1 1 |a [¿Legitimación revolucionaria del poder en México?] 
245 1 0 |a ¿Legitimación revolucionaria del poder en México? :  |b los presidentes, 1910-1982 /  |c E. Suárez Gaona. 
264 4 |a México :  |b Siglo XXI,  |c 1987, c1987 
300 |a 201 p. 
336 |a texto  |b txt  |2 rdacontenido 
337 |a sin mediación  |b n  |2 rdamedio 
338 |a volumen  |b nc  |2 rdasoporte 
440 1 |a (Sociología y Política) 
520 |a El autor establece que la forma en que los presidentes mexicanos han intentado legitimar su poder es apelando al cobijo de la revolución mexicana. Para ello, se dedica a analizar la relación entre ideología y poder en cada uno de los períodos presidenciales, desde Francisco I. Madero hasta José López Portillo. 
561 |a Ex libris manuscrito de Francisco Rafael Fontes Mtz. S.J. 
649 |a XX 
650 |a Caudillismo -  |z México -  |x Historia 
650 |a Presidencialismo -  |z México -  |x Historia -  |y Siglo XX 
650 |a Ideología -  |z México -  |x Historia 
650 |a Legitimidad e Ilegitimidad -  |z México -  |x Historia -  |y Siglo XX -  |x Tema Principal 
650 |a Poder Político -  |z México -  |x Historia -  |y Siglo XX -  |x Tema Principal 
650 |a Desarrollo Político -  |z México -  |x Historia -  |y Siglo XX 
650 |a Proceso Político -  |z México -  |x Historia -  |y Siglo XX 
650 |a Política -  |z México -  |x Historia -  |y Siglo XX -  |x Tema Principal 
650 |a México -  |x Historia -  |y Revolución, 1910-1917 
650 |a México -  |x Historia -  |y Siglo XX 
910 |a Fondo General 
920 |a Impresos - Libros 
930 |a Colección General 
905 |a 101 
901 |a 038481  |b IT1  |c ACC  |u 20250521 
902 |a https://opac.biblio.iteso.mx/vufind/Record/000364163